000 01139nam a2200289 i 4500
001 175691
003 ES-MaACL
005 20250902041229.0
007 t|
008 101117s1965 sp ||||1| spa d
080 _a27-528
245 0 0 _aLiturgia hoy.
_nTomo I,
_pcriterios conciliares de la renovación litúrgica /
_cedición preparada por José Mª Martín Patino ; [colaboradores: Josef A. Jungmann ... et al.].
260 _aMadrid :
_bRazón y Fe,
_cimp. 1965.
300 _aXXVII, 342 p. ;
_c23 cm.
490 1 _aBiblioteca "Razón y Fe" de Teología ;
_v9
500 _aÍndices.
504 _aBibliografía: p. 15-16.
594 _aPrecede al tít.: Universidad Pontificia de Comillas, Seminario de Estudios Pastorales.
611 0 4 _aConcilio Vaticano (
_n2º.
_d1962-1965)
_9122
650 0 4 _aLiturgia.
_914683
700 0 _aMartín Patino, José María.
_977597
700 0 _aJungmann, Josef Andreas.
_967301
710 2 _aUniversidad Pontificia Comillas
_9173007
830 0 0 _aBiblioteca "Razón y Fe" de teología
_v9
_9189823
852 _aES-MaACL
_jE-13551
_xOlim P-859
999 _c175691
_d175691